000 05141cam a22018974i 4500
003 PE-LiUPU
005 20250813165505.0
008 171206s20082013pe rb 001 0 spa d
020 _a9972452077
020 _a9789972452079
035 _a(Sirsi) a240326
040 _aPE-LiUPU
_bspa
_cPE-LiUPU
_erda
041 1 _aspa
_hfre
049 _aPRUA
082 0 4 _a616.0754
_bF74
_220
100 1 _aFontanille, Jacques,
_eautor.
245 1 0 _aSoma y sema :
_bfiguras semióticas del cuerpo /
_cJacques Fontanille; traducción, Desiderio Blanco.
250 _aPrimera edición.
264 1 _aLima :
_bUniversidad de Lima,
_c2008.
300 _a388 páginas ;
_c25 centímetros.
336 _atext
_2rdacontent
337 _aunmediated
_2rdamedia
338 _avolume
_2rdacarrier
490 0 _aColección Biblioteca Universidad de Lima
504 _aBibliografía : páginas 361-368.
504 _aIndice : páginas 371-388.
505 0 _aEL cuerpo del actante -- El cuerpo, el acto y los esquemas narrativos -- El lapsus -- Un accidente corporal. El andrógino ridículo (un curioso lapsus fílmico en Pasión, de Godard) -- Modos de lo sensible y sintaxis figurativa -- Modos y campos de los sensible -- Figuras semióticas del cuerpo: la envoltura y la carne móvil -- Máquinas, prótesis y huellas. El cuerpo posmoderno (a propósito de Marcel Duchamp) -- El modelo del reloj y el cuerpo-máquina (a propósito de Claudel). Arte poética, reflexiones sobre el verso frnacés, el zapato de raso -- Figuras del cuerpo y memorias discursivas -- Memorias figurativas y sensoriales -- Impresiones proustianas -- La membrana translúcida. Aisthesis Koiné y memoria luminosa en element of crime (Lars Von Trier) -- Cuando el cuerpo da testimonio. Aproximación semiótica al reportaje -- Cómo las cosas llegan a ser cuerpo. El objeto y la huella del uso.
526 _aP203
526 _aP200
526 _aSEG65
526 _aSEG64
526 _aSEG63
526 _aSEG62
526 _aSEG61
526 _aSEG60
526 _aSEG59
526 _aSEG58
526 _aSEG57
526 _aSEG56
526 _aSEG55
526 _aSEG54
526 _aSEG53
526 _aSEG52
526 _aSEG51
526 _aSEG50
526 _aSEG49
526 _aSEG48
526 _aSEG47
526 _aSEG46
526 _aSEG24
526 _aSEG23
526 _aSEG22
526 _aSEG21
526 _aSEG20
526 _aSEG19
526 _aSEG18
526 _aSEG17
526 _aSEG16
526 _aSEG14
526 _aSEG13
526 _aSEG12
526 _aSEG11
526 _aSEG10
526 _aSEG09
526 _aSEG06
526 _aSEG05
526 _aSEG04
526 _aSEG03
526 _aSEG02
526 _aSEG68
526 _aSEG66
526 _aSEG45
526 _aSEG25
526 _aSEG01
526 _aP163
526 _aP162
526 _aP161
526 _aP160
526 _aP159
526 _aP158
526 _aP157
526 _aP156
526 _aP155
526 _aP154
526 _aP153
526 _aP152
526 _aP151
526 _aP150
526 _aP149
526 _aP142
526 _aP141
526 _aP140
526 _aP139
526 _aP138
526 _aP137
526 _aP132
526 _aP131
526 _aP130
526 _aP126
526 _aP125
526 _aP124
526 _aP123
526 _aP115
526 _aP122
526 _aP121
526 _aP116
526 _a P114
526 _aP112
526 _aP111
526 _aP104
526 _aP103
526 _aP102
526 _aP101
526 _aP100
526 _aP96
526 _aP95
526 _aP93
526 _aP92
526 _aP91
526 _aP88
526 _aP83
526 _aP82
526 _aP79
526 _aP78
526 _aP75
526 _aP74
526 _aP71
526 _aP69
526 _a P51
526 _aP49
526 _aP48
526 _aP47
526 _aP33
526 _aP31
526 _a P30
526 _aP29
526 _aP27
526 _aP26
526 _aP25
526 _aP24
526 _a P22
526 _aP10
526 _aP09
526 _a P08
526 _aP06
526 _aP05
526 _aP04
526 _aP01
534 _pTítulo original :
_tSome et séma: figures du corps.
541 _g12-002-059500;
650 0 4 _aAntropología física.
_95496
650 0 4 _aSemiología..
650 0 4 _aCuerpo humano
_xElementos simbólicos.
650 0 4 _aPhysical anthropology.
650 0 4 _aSemiology.
650 0 4 _aHuman body
_xSymbolic aspects
910 _adbm
_bncf
_cncf
_d20171206
596 _a1
942 _2ddc
_cBOOK
999 _a616.0754 F74
_wDEWEY
_c25990
_i77472
_d25990
_f2021-11-4
_g4
_lCCODEBUL1
_mBUL
_p12.36
_q1
_r0
_sY
_tBOOK
_u2017-12-6
_xSALUD
_zP79
_0COMPRA
_o.STAFF. Colección Ciencias de la Salud
980 _81
_gALBERTO SANCHEZ Responsable de Automatización